Mindset (Registro nro. 318696)

Detalles MARC
000 -ENCABEZADO
Número de control [NR] 00700nam a2200205 a 4500
005 - FECHA Y HORA DE LA ÚLTIMA TRANSACCIÓN
control field 20210420115109.0
008 - DE LONGITUD FIJA DE DATOS DE ELEMENTOS - INFORMACIÓN GENERAL
Elementos de longitud fija [NR] 120830s2008 nyu |||gr|||| 00| 0 eng d
020 ## - NUMERO INTERNACIONAL NORMALIZADO PARA LIBROS [R]
Número Internacional Normalizado del libro [NR] 9780345472328
040 ## - FUENTE DE CATALOGACION [NR]
Agencia de catalogación original [NR] CO-BoUCM
Idioma de catalogación [NR] spa
Quien Cataloga Deissy Garcia
Quien Clasifica Deissy Garcia
041 0# - CODIGO DE IDIOMA [R]
Código de idioma para texto/pista de sonido o título separado [R] Inglés
100 1# - ASIENTO PRINCIPAL--NOMBRE PERSONAL [NR]
Nombre personal [NR] Dweck, Carol S.
ID Autoridad 102834
245 10 - MENCION DE TITULO [NR]
Título [NR] Mindset
Parte restante del título [NR] the new psychology of success
Mención de responsabilidad, etc. [NR] Carol S. Dweck
260 ## - PUBLICACION, DISTRIBUCION, ETC. (PIE DE IMPRENTA) [R]
Lugar de publicación, distribución, etc. [R] Nueva York
Nombre del editor, distribuidor, etc. [R] Ballantine Books
Fecha de publicación, distribución, etc. [R] 2008
300 ## - DESCRIPCION FISICA [R]
Extensión [R] xi, 301 páginas
504 ## - NOTA DE BIBLIOGRAFIA, ETC. [R]
Nota de bibliografía, etc. [NR] Incluye referencias bibliográficas e índices
650 #7 - ASIENTO SECUNDARIO DE MATERIA - TERMINO TEMATICO [R]
9 (RLIN) 12127
Término temático o nombre geográfico como elemento de entrada [NR] Creencia y duda
650 #7 - ASIENTO SECUNDARIO DE MATERIA - TERMINO TEMATICO [R]
Término temático o nombre geográfico como elemento de entrada [NR] Éxito
Subdivisión general [R] Aspectos psicológicos
9 (RLIN) 80620
942 ## - ELEMENTOS DE ENTRADA AGREGADOS (KOHA)
Tipo de ítem principal el descrito en 300a Libro
Sistema de clasificación DEWEY
Tema principal Psicología
Edición 1
Clasificación 153.8
Parte restante de la signatura top. D989m
Título oculto en OPAC No
Existencias
Fecha de último préstamo Total préstamos Total Renewals Signatura topográfica Código de barras Prestado Última vez visto Ejemplar Costo de reposición Price effective from Tipo de ítem Perdido Sistema de clasificación Dañado No prestable Tipo de ítem específico Suprimido Ubicación habitual Ubicación actual Localización Fecha de creación Proveedor Forma de adquisición Costo
21/05/2025 3 3 153.8 D989m 100167422   05/12/2025 Ej.2 37476.00 21/05/2021 Libro   DEWEY     Libro   Claustro Claustro 2do piso 21/05/2021 157 Compra 37476.00
14/05/2021 1 7 153.8 D989m 100167309 12/12/2025 14/05/2021 Ej.1 37476.00 09/04/2021 Libro   DEWEY     Libro   Claustro Fundación Cardioinfantil 2do piso 09/04/2021 157 Compra 37476.00